Report of The Committee On Roads And Transport On The Annual Budget Estimates Of The Ministry Of Aviation For The 2019 Financial Year (Record no. 1176)
[ view plain ]
| 000 -LEADER | |
|---|---|
| fixed length control field | 00603nam a2200181Ia 4500 |
| 003 - CONTROL NUMBER IDENTIFIER | |
| control field | OSt |
| 005 - DATE AND TIME OF LATEST TRANSACTION | |
| control field | 20250224093147.0 |
| 008 - FIXED-LENGTH DATA ELEMENTS--GENERAL INFORMATION | |
| fixed length control field | 240428s9999||||xx |||||||||||||| ||und|| |
| 041 ## - LANGUAGE CODE | |
| Language code of text/sound track or separate title | eng |
| 082 ## - DEWEY DECIMAL CLASSIFICATION NUMBER | |
| Classification number | BE/MOA/19 |
| 100 ## - MAIN ENTRY--PERSONAL NAME | |
| Personal name | Ministry of Finance |
| 245 #0 - TITLE STATEMENT | |
| Title | Report of The Committee On Roads And Transport On The Annual Budget Estimates Of The Ministry Of Aviation For The 2019 Financial Year |
| 260 ## - PUBLICATION, DISTRIBUTION, ETC. | |
| Name of publisher, distributor, etc. | Parliament Of Ghana |
| Place of publication, distribution, etc. | Accra |
| Date of publication, distribution, etc. | 2019 |
| 300 ## - PHYSICAL DESCRIPTION | |
| Extent | 11p; tabs. |
| 650 ## - SUBJECT ADDED ENTRY--TOPICAL TERM | |
| Topical term or geographic name entry element | Annual Budget Estimates Of The Ministry Of Aviation For The 2019 Financial Year |
| 942 ## - ADDED ENTRY ELEMENTS (KOHA) | |
| Koha item type | Reports |
| Source of classification or shelving scheme | Dewey Decimal Classification |
| Suppress in OPAC | No |
| Withdrawn status | Lost status | Damaged status | Not for loan | Home library | Current library | Shelving location | Date acquired | Total checkouts | Full call number | Date last seen | Copy number | Price effective from | Koha item type |
|---|---|---|---|---|---|---|---|---|---|---|---|---|---|
| Main Library | Main Library | Open Shelves | 10/06/2022 | BE/MOA/19/883 C1 - BE/MOA/19/884 C2 - BE/MOA/19/885 C3 - BE/MOA/19/886 C4 - BE/MOA/19/887 C5 | 29/04/2024 | 1 | 29/04/2024 | E-resources & Electronic Documnets |